Countries in Europe with Multiple 1M+ Cities - Statistics

General Stats
  • This quiz has been taken 279 times
  • The average score is 11 of 11
Answer Stats
# Country % Correct
11 Germany
100%
5 Italy
100%
5 Spain
100%
10 United Kingdom
100%
6 France
99%
11 Russia
99%
2 Poland
98%
2 Portugal
97%
5 Ukraine
95%
2 Netherlands
93%
2 Belgium
89%
No matching quizzes found
Score Distribution
Percent of People with Each Score
Percentile by Number Answered
Your Score History
You have not taken this quiz